Минеральные воды южной части Восточной Сибири/ (Record no. 398520)
[ view plain ]
| 000 -LEADER | |
|---|---|
| fixed length control field | 01226nam a22002297a 4500 |
| 003 - CONTROL NUMBER IDENTIFIER | |
| control field | AM-YeHGA |
| 005 - DATE AND TIME OF LATEST TRANSACTION | |
| control field | 20250617153818.0 |
| 008 - FIXED-LENGTH DATA ELEMENTS--GENERAL INFORMATION | |
| fixed length control field | 180125s1962 ru ||||| |||| 00| 0 rus d |
| 040 ## - CATALOGING SOURCE | |
| Original cataloging agency | AM-YeHGA |
| 041 0# - LANGUAGE CODE | |
| Language code of text/sound track or separate title | rus |
| 090 ## - LOCALLY ASSIGNED LC-TYPE CALL NUMBER (OCLC); LOCAL CALL NUMBER (RLIN) | |
| -- | 400643 |
| 245 00 - TITLE STATEMENT | |
| Title | Минеральные воды южной части Восточной Сибири/ |
| Statement of responsibility, etc. | Под общей ред. Н.А. Власова и др.; АН СССР Сибирское отд-е Восточно-Сибирский ин-т. |
| 260 ## - PUBLICATION, DISTRIBUTION, ETC. | |
| Place of publication, distribution, etc. | Москва; |
| -- | Ленинград : |
| Name of publisher, distributor, etc. | Изд-во АН СССР, |
| Date of publication, distribution, etc. | 1962. |
| 300 ## - PHYSICAL DESCRIPTION | |
| Extent | том |
| 505 10 - FORMATTED CONTENTS NOTE | |
| Miscellaneous information | Т. 2 (1962, 200 с.,[2] отд.л. карт.) : |
| Title | Минеральные источники, скважины, вскрывающие минеральные воды, и минеральные озера(каталоги) |
| 653 0# - INDEX TERM--UNCONTROLLED | |
| Uncontrolled term | Минеральные воды - Восточная Сибирь |
| 700 1# - ADDED ENTRY--PERSONAL NAME | |
| Personal name | Власов, Н.А. |
| Relator term | ред. |
| Relationship | edt |
| 700 1# - ADDED ENTRY--PERSONAL NAME | |
| Personal name | Ткачук, В.Г. |
| Relator term | ред. |
| Relationship | edt |
| 700 1# - ADDED ENTRY--PERSONAL NAME | |
| Personal name | Толстихин, Н.И. |
| Relator term | ред. |
| Relationship | edt |
| 710 2# - ADDED ENTRY--CORPORATE NAME | |
| Corporate name or jurisdiction name as entry element | Восточно-Сибирский геологический ин-т АН СССР Сибирское отд-е. |
| 942 ## - ADDED ENTRY ELEMENTS (KOHA) | |
| Source of classification or shelving scheme | Universal Decimal Classification |
| Koha item type | Գրքեր / Books |
| Withdrawn status | Lost status | Source of classification or shelving scheme | Damaged status | Not for loan | Collection | Home library | Current library | Date acquired | Serial enumeration / chronology | Total checkouts | Full call number | Barcode | Date last seen | Price effective from | Koha item type | Public note |
|---|---|---|---|---|---|---|---|---|---|---|---|---|---|---|---|---|
| Universal Decimal Classification | General | Fundamental Scientific Library | Fundamental Scientific Library | 25/01/2018 | Т. 2 | PIII/8842 | FL0474816 | 25/01/2018 | 25/01/2018 | Գրքեր / Books | 30 Days Loan |
ՀՀ Գիտությունների ազգային ակադեմիայի հիմնարար գիտական գրադարան = Fundamental Scientific Library of NAS RA
All site content, except where otherwise noted, is licensed under a